[Систематический указатель литературы за... ... с [! за] 1911 года [! год] (Запись № 4758515)

Подробности
000 -МАРКЕР
контрольное поле 01510nam2a22002651 4500
001 - ИДЕНТИФИКАТОР ЗАПИСИ
контрольное поле v19\rc\2059228
005 - ИДЕНТИФИКАТОР ВЕРСИИ
контрольное поле 20250620024136.0
035 ## - ДРУГИЕ СИСТЕМНЫЕ НОМЕРА
Идентификатор записи (NLR Aleph) 005136298
100 ## - ДАННЫЕ ОБЩЕЙ ОБРАБОТКИ
Данные общей обработки 20081111d1912 |||y0rusy50 ca
101 0# - ЯЗЫК РЕСУРСА
Язык текста, звукозаписи и т.д. русский
102 ## - СТРАНА ПУБЛИКАЦИИ ИЛИ ПРОИЗВОДСТВА
Страна публикации Российская Федерация
105 ## - ПОЛЕ КОДИРОВАННЫХ ДАННЫХ: ТЕКСТОВЫЕ МАТЕРИАЛЫ, МОНОГРАФИЧЕСКИЕ
Кодированные данные о монографическом текстовом документе y z |||||
200 0# - ЗАГЛАВИЕ И СВЕДЕНИЯ ОБ ОТВЕТСТВЕННОСТИ
Основное заглавие ... с [! за] 1911 года [! год]
210 ## - ПУБЛИКАЦИЯ, РАСПРОСТРАНЕНИЕ И ДР.
Дата издания, распространения и т.д. [1912]
Место издания, распространения и т.д. Б. м.
215 ## - ФИЗИЧЕСКАЯ ХАРАКТЕРИСТИКА
Специфическое обозначение материала и объем 76 с.
316 ## - ПРИМЕЧАНИЯ ОБ ОСОБЕННОСТЯХ ЭКЗЕМПЛЯРА
Текст примечания Экз. РНБ (18.60.1.8): приплетен к "Ежегоднику по геологии и минералогии России" т. 14 вып. 1-9
Организация и экземпляр, к которому относится поле NLR: 18.60.1.8
461 #0 - УРОВЕНЬ НАБОРА
Встроенное поле 001v19\rc\2059219
-- 2001#$a[Систематический указатель литературы за...$fСост. Н.И. Криштафович]$v... с [! за] 1911 года [! год]
-- 700#1$aКриштафович$bН.И.$f1866-1941$gНиколай Иосифович$4220
Системный номер (АБИС) связанной записи 4758425
Автор Криштафович, Н.И. (1866-1941)
Место публикации Ново-Александрия
Дата публикации [1901]-[1914]
Первые сведения об ответственности Сост. Н.И. Криштафович]
Заглавие [Систематический указатель литературы за...
Номер тома ... с [! за] 1911 года [! год]
482 #0 - ПРИПЛЕТЕНО К
Встроенное поле 2001#$aЕжегодник по геологии и минералогии России$vТ. 14, вып. 1-9
Заглавие Ежегодник по геологии и минералогии России
801 #0 - ИСТОЧНИК ЗАПИСИ
Страна Российская Федерация
Организация NLR
Правила каталогизации psbo
801 #1 - ИСТОЧНИК ЗАПИСИ
Страна Российская Федерация
Организация ProSoft-M
Источник данных rusmarc
852 ## - МЕСТОНАХОЖДЕНИЕ И ШИФР ХРАНЕНИЯ
Идентификатор организации NLR
Шифр хранения (Call Number) 18.60.1.8
852 ## - МЕСТОНАХОЖДЕНИЕ И ШИФР ХРАНЕНИЯ
Идентификатор организации NLR
Шифр хранения (Call Number) 123/52
942 ## - ДОПОЛНИТЕЛЬНЫЕ ЭЛЕМЕНТЫ ЗАПИСИ (АБИС)
Тип экземпляра АБИС Книга
980 ## - КОЛЛЕКЦИЯ
Название коллекции Национальная библиография
Экземпляры
Тип экземпляра Дата поступления Библиотека постоянного хранения Библиотека текущего хранения Место хранения Шифр хранения Штрих-код Статус экземпляра
Книга 26.10.2013 РНБ (Садовая) РНБ (Садовая) Русский книжный фонд -Главное здание, Ленинский читальный зал 18.60.1.8 5136298-10  
Книга 26.10.2013 РНБ (Садовая) РНБ (Садовая) Русский книжный фонд -Главное здание, Ленинский читальный зал 123/52 5136298-20